| 000 | 01404nam0a2200361 4500 | ||
|---|---|---|---|
| 001 | RU\NLR\BIBL_A\022653239 | ||
| 005 | 20260420055322.0 | ||
| 010 |
_a978-5-17-176268-1 _92000 |
||
| 021 |
_aRU _bКН-П-25-055419 _9КН-П-25-5353 |
||
| 035 | _a(NLR Aleph) 022653239 | ||
| 090 |
_a13685755 _c13685755 |
||
| 100 | _a20251024d2025 m y0rusy50 ca | ||
| 101 | 1 |
_arus _cchi |
|
| 102 | _aRU | ||
| 105 | _aa z 000ay | ||
| 181 | 0 |
_ai3 _baxxe |
|
| 182 | 1 | _an | |
| 200 | 1 |
_aТайна пурпурного тумана _iОдинокий огонек _eроман _fЯнь Цзин _gперевод с китайского языка Алены Матюниной |
|
| 203 |
_aТекст _bвизуальный _cнепосредственный |
||
| 210 |
_aМосква _cАСТ _d2025 |
||
| 215 |
_a250, [4] с. _cил. _d22 |
||
| 225 | 1 |
_aХиты Китая _iТайна пурпурного тумана |
|
| 333 | _a16+ | ||
| 686 | 0 | _aШ9(5Кит)62-4 | |
| 686 | 1 | _aШ6(5Кит)77-440.4{Лх2179-50} | |
| 700 | 0 |
_7ca _8rus _aЯнь Цзин _cписатель _f1981- _9254468 _3RU\NLR\AUTH\770254524 |
|
| 702 | 1 |
_aМатюнина _bА. И. _gАлёна Игоревна _4730 |
|
| 942 | _cBOOK | ||
| 980 | _aNB | ||